Hodnocení úkolů
Strategický kontrolingový systém v podniku. Systém MS OUTLOOK a jeho využitie. Hodnotenie priebehu strategických operácií a výsledkov. Hodnotenie krátkodobých plánov - operatívny kontroling
Salvato in:
| Autore principale: | |
|---|---|
| Natura: | Capitolo di libro |
| Lingua: | ceco |
| Soggetti: | |
| Tags: |
Nessun Tag, puoi essere il primo ad aggiungerne!!
|
MARC
| LEADER | 00000naa$a2200000$$$4500 | ||
|---|---|---|---|
| 001 | 0032061 | ||
| 005 | 20231106122255.8 | ||
| 041 | 0 | |a cze | |
| 044 | |a CZ | ||
| 245 | 1 | 0 | |a Hodnocení úkolů |c Zdeněk Souček |
| 520 | |a Strategický kontrolingový systém v podniku. Systém MS OUTLOOK a jeho využitie. Hodnotenie priebehu strategických operácií a výsledkov. Hodnotenie krátkodobých plánov - operatívny kontroling | ||
| 610 | 2 | 0 | |a riadenie podnikové |
| 610 | 2 | 0 | |a riadenie strategické |
| 610 | 2 | 0 | |a riadenie operatívne |
| 610 | 2 | 0 | |a kontroling operatívny |
| 610 | 2 | 0 | |a kontroling strategický |
| 610 | 2 | 0 | |a firmy |
| 610 | 2 | 0 | |a zamestnanci |
| 100 | 1 | |a Souček, Zdeněk | |